| 000 | 00372nam a2200145Ia 4500 | ||
|---|---|---|---|
| 005 | 20250222101204.0 | ||
| 008 | 231217s9999 xx 000 0 und d | ||
| 020 | _a9788126512911 | ||
| 082 | _a793.74 SHA;1 R | ||
| 100 | _aShasha, Dennis E. | ||
| 245 | 0 | _aPuzzles for programmers and pros | |
| 260 |
_c2007 _bJohn wiley _aNew Delhi |
||
| 300 | _axiii, 226 | ||
| 942 | _cAA | ||
| 999 |
_c185062 _d185062 |
||